ARRUPE JESUIT UNIVERSITY

CORONAVIRUS -STOP THE SPREAD - CLEAN,DISINFECT,COVER

Effective teaching of reading : (Record no. 126737)

MARC details
000 -LEADER
fixed length control field 00925pam a2200265 a 4500
001 - CONTROL NUMBER
control field 1915440
003 - CONTROL NUMBER IDENTIFIER
control field ARRUPE
005 - DATE AND TIME OF LATEST TRANSACTION
control field 20170823090028.0
008 - FIXED-LENGTH DATA ELEMENTS--GENERAL INFORMATION
fixed length control field 851007s1986 deua b 000 0 eng
010 ## - LIBRARY OF CONGRESS CONTROL NUMBER
LC control number 85024229
020 ## - INTERNATIONAL STANDARD BOOK NUMBER
International Standard Book Number 087207739X (pbk.)
040 ## - CATALOGING SOURCE
Original cataloging agency DLC
Transcribing agency DLC
Modifying agency DLC
050 00 - LIBRARY OF CONGRESS CALL NUMBER
Classification number LB1050
Item number .E33 1986
082 00 - DEWEY DECIMAL CLASSIFICATION NUMBER
Classification number 428.4/07
Edition number 19
300 ## - PHYSICAL DESCRIPTION
Other physical details ill. ;
Dimensions 22 cm.
245 00 - TITLE STATEMENT
Title Effective teaching of reading :
Remainder of title research and practice /
Statement of responsibility, etc edited by James V. Hoffman.
260 ## - PUBLICATION, DISTRIBUTION, ETC. (IMPRINT)
Place of publication, distribution, etc Newark, Del. :
Name of publisher, distributor, etc International Reading Association,
Date of publication, distribution, etc 1986.
300 ## - PHYSICAL DESCRIPTION
Extent viii, 317 p. :
504 ## - BIBLIOGRAPHY, ETC. NOTE
Bibliography, etc Includes bibliographies.
650 #0 - SUBJECT ADDED ENTRY--TOPICAL TERM
Topical term or geographic name as entry element Reading
General subdivision Case studies.
9 (RLIN) 35042
650 #0 - SUBJECT ADDED ENTRY--TOPICAL TERM
Topical term or geographic name as entry element Reading
General subdivision Research
-- Case studies.
9 (RLIN) 35043
700 1# - ADDED ENTRY--PERSONAL NAME
Personal name Hoffman, James V.
9 (RLIN) 35044
710 2# - ADDED ENTRY--CORPORATE NAME
Corporate name or jurisdiction name as entry element International Reading Association.
9 (RLIN) 35045
906 ## - LOCAL DATA ELEMENT F, LDF (RLIN)
a 7
b cbc
c orignew
d 1
e ocip
f 19
g y-gencatlg
942 ## - ADDED ENTRY ELEMENTS (KOHA)
Source of classification or shelving scheme Library of Congress Classification
Koha item type Monograph ( Printed materials)
Holdings
Withdrawn status Lost status Source of classification or shelving scheme Damaged status Not for loan Collection code Home library Current library Shelving location Date acquired Total Checkouts Full call number Barcode Date last seen Price effective from Koha item type
    Library of Congress Classification     Main Collection ARRUPE LIBRARY ARRUPE LIBRARY Main Collection 23/08/2017   LB1050 .E33 1986 46500023526 28/06/2018 23/08/2017 Monograph ( Printed materials)

 

Arrupe Library. PO Box MP320 Mt Pleasant, Harare, Zimbabwe
263 242 745411|librarian@aju.ac.zw